| 000 | 00422nam a2200145Ia 4500 | ||
|---|---|---|---|
| 008 | 220214s9999 xx 000 0 und d | ||
| 022 | _a0008-4220 | ||
| 245 | 0 | _aCANADIAN JOURNAL OF PLANT SCIENCE | |
| 260 |
_bAgricultural Institute of Canada, Ottawa _aCanada |
||
| 310 | _aQ | ||
| 500 | _aEnding Volume & Year: 68, 1988 | ||
| 500 | _aMissing Volume: 68(3-4) | ||
| 500 | _aStarting Volume & Year: 61, 1981 | ||
| 942 | _cBJ | ||
| 999 |
_c17367 _d17367 |
||